Southville International School and Colleges
Your cart is empty.
  • Cart
  • Lists
    Public lists Eva Luna New books Lux_list list_1
    Your lists Log in to create your own lists
  • Log in to your account
  • Your cookies
  • Search history
Southville International School and Colleges
  • Advanced search
  • Recent comments
  • Most popular
  • Libraries

Log in to your account

Log in with GOOGLE


If you do not have an external account, but do have a local account, you can still log in:

  1. Home
  2. MARC view: Ethical studies /
Normal view MARC view ISBD view

Ethical studies / (Record no. 2003)

[ view plain ]
MARC details
000 -LEADER
fixed length control field 00502nam a22001937a 4500
003 - CONTROL NUMBER IDENTIFIER
control field OSt
005 - DATE AND TIME OF LATEST TRANSACTION
control field 20140310181721.0
008 - FIXED-LENGTH DATA ELEMENTS--GENERAL INFORMATION
fixed length control field 130306t xxu||||| |||| 00| 0 eng d
020 ## - INTERNATIONAL STANDARD BOOK NUMBER
International Standard Book Number 0748780793
050 ## - LIBRARY OF CONGRESS CALL NUMBER
Classification number BJ 1008
Item number .B786 2004
082 ## - DEWEY DECIMAL CLASSIFICATION NUMBER
Classification number IB 205
Item number B67 2004
100 ## - MAIN ENTRY--PERSONAL NAME
Personal name Bowie, Robert.
245 ## - TITLE STATEMENT
Title Ethical studies /
Statement of responsibility, etc Robert Bowie.
250 ## - EDITION STATEMENT
Edition statement 2nd ed.
260 ## - PUBLICATION, DISTRIBUTION, ETC. (IMPRINT)
Place of publication, distribution, etc Cheltenham, U.K. :
Name of publisher, distributor, etc Nelson Thornes,
Date of publication, distribution, etc c2004.
300 ## - PHYSICAL DESCRIPTION
Extent 346 p. :
Other physical details ill. ;
Dimensions 24 cm.
942 ## - ADDED ENTRY ELEMENTS (KOHA)
Source of classification or shelving scheme Library of Congress Classification
Koha item type Books
Holdings
Withdrawn status Lost status Source of classification or shelving scheme Damaged status Home library Current library Shelving location Date acquired Total Checkouts Full call number Barcode Date last seen Copy number Price effective from Koha item type
    Library of Congress Classification   Luxembourg Library Luxembourg Library International Baccalaureate Section 03/06/2013   BJ 1008 .B786 2004 16736 08/13/2013 1 10/03/2013 Books

Ethical studies /

APA

Bowie R., . (2004). Ethical studies. Cheltenham, U.K: Nelson Thornes.

Chicago

Bowie Robert, . 2004. Ethical studies. Cheltenham, U.K: Nelson Thornes.

Harvard

Bowie R., . (2004). Ethical studies. Cheltenham, U.K: Nelson Thornes.

MLA

Bowie Robert, . Ethical studies. Cheltenham, U.K: Nelson Thornes. 2004.

  • Place hold
  • Print
  • Cite
  • Add to your cart (remove)
  • Save record
    BIBTEX Dublin Core MARCXML MARC (non-Unicode/MARC-8) MARC (Unicode/UTF-8) MARC (Unicode/UTF-8, Standard) MODS (XML) RIS
  • More searches
    Search for this title in:
    Other Libraries (WorldCat) Other Databases (Google Scholar) Online Stores (Bookfinder.com) Open Library (openlibrary.org)

Exporting to Dublin Core...

SOUTHVILLE LIBRARY

Southville International School and Colleges Library

1281 Tropical Ave. Cor. Luxembourg St., BF Homes International, Las Pinas City

Tel. No. 8256374 / 252358 Loc. 117/146

Powered by Koha